Score 0/19 Timer 03:00
0 Plays Today
Clue 4-letter word % Correct
What yeast causes bread to doRISE
95%
World conquest board gameRISK
89.2%
Annual bowl game played in Pasadena, CAROSE
86.1%
Bring togetherJOIN
73.6%
Feliciano who sang 'Feliz Navidad'JOSÉ
70.3%
Lost one's footingFELL
70%
Playing surface at the World Series of PokerFELT
69.7%
SurveyPOLL
68.7%
11th US presidentPOLK
68.6%
James who sang 'Super Freak'RICK
68.2%
Clue 4-letter word % Correct
____ de vivre (love of life)JOIE
63.1%
Bounty hunter of film Boba ____FETT
61.7%
Something that [first rung]+[last rung] lovesROCK
59.5%
A small indentation in the skinPOCK
56.5%
Something that [first rung]+[last rung] lovesROLL
55.1%
____ to the gillsFILL
53.6%
First name of an '80s rock starJOAN
52.3%
Last name of an '80s rock starJETT
48.7%
A small streamRILL
42.4%

Today's Daily Dose

Missing Word
'T' Pairs

Word Ladder
Game Pieces

Get the Picture
Baseball Movies

Remove Ads.
Support Sporcle.
Get the best of Sporcle when you Go Orange. This ad-free experience offers more features, more stats, and more fun while also helping to support Sporcle. Thank you for becoming a member.

You're not logged in!

Compare scores with friends on all Sporcle quizzes.
OR
Log In

Show Comments

Extras

Top Quizzes Today


Score Distribution

Your Account Isn't Verified!

In order to create a playlist on Sporcle, you need to verify the email address you used during registration. Go to your Sporcle Settings to finish the process.

Report this User

Report this user for behavior that violates our Community Guidelines.

Details: